¡Ya entiendo! ... con hypertexto. una estrategia para comprender / 1 :

সংরক্ষণ করুন:
গ্রন্থ-পঞ্জীর বিবরন
প্রধান লেখক: Álvarez Pérez, Luis (autor.)
অন্যান্য লেখক: Soler Vázquez, Enrique (autor.)
বিন্যাস: বৈদ্যুতিন গ্রন্থ
ভাষা:স্প্যানিশ
প্রকাশিত: Madrid : Editorial CEPE, 2016.
সংস্করন:Tercera edición.
বিষয়গুলি:
অনলাইন ব্যবহার করুন:https://elibro.unach.elogim.com/es/lc/unach/titulos/285763
ট্যাগগুলো: ট্যাগ যুক্ত করুন
কোনো ট্যাগ নেই, প্রথমজন হিসাবে ট্যাগ করুন!

MARC

LEADER 00000nam a2200000 i 4500
001 ELB285763
003 FINmELB
005 20250825120000.0
006 m o d |
007 cr cnu||||||||
008 250825s2016 sp o 001 0 spa d
017 |a M-47328-2016  |b España 
020 |z 9788478693641  |q (print) 
035 |a (OCoLC)1538594297 
040 |a FINmELB  |b spa  |e rda  |c FINmELB 
050 4 |a LB1050.45  |b A473 2016 
080 |a 37.014.22 
082 1 |a 372.47  |2 23 
100 1 |a Álvarez Pérez, Luis,  |e autor. 
245 1 0 |a ¡Ya entiendo! ... con hypertexto.  |n 1 :  |b una estrategia para comprender /  |c Luis Álvarez Pérez, Enrique Soler Vázquez. 
250 |a Tercera edición. 
264 1 |a Madrid :  |b Editorial CEPE,  |c 2016. 
300 |a 1 recurso en línea (133 páginas) 
336 |a texto  |b txt  |2 rdacontent/spa 
337 |a computadora  |b c  |2 rdamedia/spa 
338 |a recurso en línea  |b cr  |2 rdacarrier/spa 
500 |a Incluye índice. 
588 |a Descripción basada en metadatos suministrados por el editor y otras fuentes. 
590 |a Recurso electrónico. Santa Fe, Arg.: elibro, 2025. Disponible vía World Wide Web. El acceso puede estar limitado para las bibliotecas afiliadas a elibro. 
650 4 |a Comprensión de lectura. 
650 4 |a Hipertexto. 
650 4 |a Estrategias de aprendizaje. 
655 4 |a Libros electrónicos. 
700 1 |a Soler Vázquez, Enrique,  |e autor. 
797 2 |a elibro, Corp. 
856 4 0 |u https://elibro.unach.elogim.com/es/lc/unach/titulos/285763